Pizza toppings - Statistics

General Stats
  • This quiz has been taken 24 times
  • The average score is 11 of 16
Answer Stats
Topping Country % Correct
Poutine Canada
95%
soy sauce China
95%
Cheddar United Kingdom
89%
mayonnaise Japan
84%
avocado Mexico
84%
caviar Russia
79%
Catupiry (cheese) Brazil
74%
Maltese sausage Malta
74%
pickled ginger India
63%
bulgogi South Korea
63%
banana Iceland / Sweden
58%
durian Thailand
58%
rendang Indonesia
53%
cold cuts Iran
47%
za'atar Israel
47%
spaghetti New Zealand
42%
No matching quizzes found
Score Distribution
Percent of People with Each Score
Percentile by Number Answered
Your Score History
You have not taken this quiz